The Heart Quiz - Statistics

General Stats
  • This quiz has been taken 39 times
  • The average score is 6 of 20
Answer Stats
Question Answer % Correct
You can die from a broken heart. True
80%
What is the most common holiday for heart attacks to happen? Christmas
60%
Heart cancer is a leading cause of death. False
60%
Which animal has three hearts? Octopus
60%
Women who are having an affair are more likely to die of cardiac arrest during sex. False
40%
Most heart attacks happen on Monday mornings. True
40%
Modesty prompted the invention of the stethoscope. True
40%
All of these celebrities have had heart surgery: David Letterman, Bill Clinton, Barbara Walters, Jeff Green and Shaun White. True
40%
The heart can keep beating without the body. True
40%
What is the approximate number of times a heart beats in the average lifetime? 2.5 billion
20%
The heart begins beating _____weeks after conception. 4 weeks
20%
Where is the heart located in the chest cavity? Center
20%
What animal heart was used in the first transplant in a human? Chimpanzee
20%
Sneezing temporarily stops your heart. False
20%
Who was the first to draw an accurate depiction of the heart? Leonardo Da Vinci
20%
Jaw pain can be a symptom of a heart attack. True
20%
The first open-heart surgery occurred in... 1893
0%
Every cell in the body gets blood from the heart. False
0%
When did the iconic heart shape become the universal symbol of love? Middle Ages
0%
The hearts of lovers will begin to synchronize after the couple has gazed into each other’s eyes for three minutes. True
0%
No matching quizzes found
Score Distribution
Percent of People with Each Score
Percentile by Number Answered
Your Score History
You have not taken this quiz